00355nam a2200133Ia 4500008004100000020001500041041001200056082001600068100001600084245006100100260003600161300000800197650001600205221030s9999 xx 000 0 und d a8178840545 aEnglish a105.23bBha aR. Bhargava 0aConcise Desk Top Publishing (DTP) Coursecby R. Bhargava bCyber Tech PubaNew Delhic2002 a224 aBE Computer